Shakespeare Plays - Statistics

General Stats
  • This quiz has been taken 168 times
  • The average score is 22 of 37
Answer Stats
Hint Answer % Correct
H Hamlet
93%
H Henry V
88%
O Othello
88%
M Macbeth
85%
RAJ Romeo and Juliet
83%
KL King Lear
82%
H Henry VIII
79%
JC Julius Caesar
78%
AYLI As You Like It
74%
R Richard II
74%
MOV Merchant of Venice
71%
MWOW Merry Wives of Windsor
71%
KJ King John
69%
TOTS Taming of the Shrew
67%
AWTEW Alls Well that Ends Well
64%
R Richard III
64%
T Tempest
64%
MND Midsummer Night's Dream
60%
TN Twelfth Night
57%
AAC Antony and Cleopatra
56%
LLL Love's Labour's Lost
56%
MAAN Much Ado About Nothing
56%
WT Winter's Tale
56%
MFM Measure for Measure
54%
C Coriolanus
53%
TA Titus Andronicus
50%
COE Comedy of Errors
49%
C Cymbeline
49%
P Pericles
47%
TGOV Two Gentlemen of Verona
47%
TOA Timon of Athens
44%
H Henry IV, Part 1
40%
H Henry IV, Part 2
40%
H Henry VI, Part 1
35%
H Henry VI, Part 2
35%
TAC Troilus and Cressida
32%
H Henry VI, Part 3
31%
No matching quizzes found
Score Distribution
Percent of People with Each Score
Percentile by Number Answered
Your Score History
You have not taken this quiz